| Поле | Инд. | ПП | Название | Значение |
|---|---|---|---|---|
| Тип записи | a | |||
| Библиографический уровень | m | |||
| 001 | Контрольный номер | RU/IS/BASE/258219794 | ||
| 005 | Дата корректировки | 20250627132103.4 | ||
| 008 | Кодируемые данные | 20080307 | ||
| 022 | a | ISSN | 0130-741Х | |
| 041 | a | Код языка текста | rus | |
| 084 | a | Индекс другой классификации/Индекс ББК | 84(2=411.2)6; 83.3(2=411.2)6; 63; 74; 86; 87 | |
| 090 | a | Полочн. индекс | 95.2 | |
| 245 | a | Заглавие | Нева | |
| b | Продолж. заглавия | ежемесячный литературный журнал | ||
| n | Номер части/ раздела | №2/2008 | ||
| c | Ответственность | гл. ред. Б. Н. Никольский | ||
| 260 | a | Место издания | Санкт-Петербург | |
| b | Издательство | Нева | ||
| c | Дата издания | 2008 | ||
| 300 | a | Объем | 256 с. | |
| 500 | a | Примечание | Журнал | |
| 505 | a | Форматированное содержание | Стихи | |
| b | Автор | Городницкий А. М. | ||
| 505 | a | Форматированное содержание | Латунная традесканция (Две фантазии о железнодорожном начальнике) | |
| b | Автор | Смирнов-Охтин И. | ||
| 505 | a | Форматированное содержание | Стихи | |
| b | Автор | Чигрин Е. | ||
| 505 | a | Форматированное содержание | Неподъемная тяжесть жизни | |
| b | Автор | Каминский Е. Ю. | ||
| 505 | a | Форматированное содержание | Стихи | |
| b | Автор | Пузыревская Л. | ||
| 505 | a | Форматированное содержание | Рассказы | |
| b | Автор | Нель В. | ||
| 505 | a | Форматированное содержание | Стихи | |
| b | Автор | Никитайская Н. | ||
| 505 | a | Форматированное содержание | Неприкосновенный запас | |
| b | Автор | Смольников В. В. | ||
| 505 | a | Форматированное содержание | Стихи | |
| b | Автор | Александр М. А. | ||
| 505 | a | Форматированное содержание | Провалы государства и провалившиеся государства | |
| b | Автор | Заостровцев А. П. | ||
| 505 | a | Форматированное содержание | Весеннее обострение | |
| b | Автор | Жуховицкий Л. А. | ||
| 505 | a | Форматированное содержание | Поиск пропавшего без вести | |
| b | Автор | Воскресенская М. Н. | ||
| 505 | a | Форматированное содержание | Два сценария | |
| b | Автор | Воронель А. | ||
| 505 | a | Форматированное содержание | Перипатетика Абрама Терца | |
| b | Автор | Белый А. А. | ||
| 505 | a | Форматированное содержание | Образы и звуки прозы Пушкина | |
| b | Автор | Щербинина О. Г. | ||
| 505 | a | Форматированное содержание | Старый муж | |
| b | Автор | Чайковская И. | ||
| 505 | a | Форматированное содержание | Особенности просветительского проекта Л. Н. Толстого | |
| b | Автор | Вениамин, иеромонах (Новик В. Н.) | ||
| 600 | a | Персоналии | Деливрон Алексей Викторович | |
| a | Персоналии | Пушкин Александр Сергеевич | ||
| a | Персоналии | Синявский Андрей Донатович | ||
| a | Персоналии | Толстой Лев Николаевич | ||
| 650 | a | Основная рубрика | литературоведение | |
| a | Основная рубрика | художественная литература | ||
| 653 | a | Ключевые слова | "Повести Белкина" | |
| a | Ключевые слова | "провалившиеся государства" | ||
| a | Ключевые слова | XIX век | ||
| a | Ключевые слова | XX век | ||
| a | Ключевые слова | авторская позиция | ||
| a | Ключевые слова | благосостояние | ||
| a | Ключевые слова | глава государства | ||
| a | Ключевые слова | государственное регулирование | ||
| a | Ключевые слова | государство | ||
| a | Ключевые слова | гуманизм | ||
| a | Ключевые слова | деизм | ||
| a | Ключевые слова | демография | ||
| a | Ключевые слова | духовное состояние | ||
| a | Ключевые слова | евреи | ||
| a | Ключевые слова | Западная Европа | ||
| a | Ключевые слова | либерализм | ||
| a | Ключевые слова | Логос | ||
| a | Ключевые слова | многоженство | ||
| a | Ключевые слова | общественные блага | ||
| a | Ключевые слова | провалы | ||
| a | Ключевые слова | просветительский проект | ||
| a | Ключевые слова | регулирование | ||
| a | Ключевые слова | религия | ||
| a | Ключевые слова | рождаемость | ||
| a | Ключевые слова | Россия | ||
| a | Ключевые слова | свобода вероисповедания | ||
| a | Ключевые слова | семья | ||
| a | Ключевые слова | телевидение | ||
| a | Ключевые слова | телевизионные передачи | ||
| a | Ключевые слова | христианский гуманизм | ||
| a | Ключевые слова | экономисты | ||
| a | Ключевые слова | экономическая свобода | ||
| a | Ключевые слова | этатизм | ||
| 655 | a | Жанр/ форма (устаревшее) | поэзия | |
| 700 | a | Автор | Городницкий А. М. | |
| q | Полное имя | Городницкий Александр Моисеевич | ||
| 700 | 1_ | a | Автор | Смирнов-Охтин И. |
| q | Полное имя | Смирнов-Охтин Игорь | ||
| 700 | 1_ | a | Автор | Чигрин Е. |
| q | Полное имя | Чигрин Евгений | ||
| 700 | 1_ | a | Автор | Каминский Е. Ю. |
| q | Полное имя | Каминский Евгений Юрьевич | ||
| 700 | 1_ | a | Автор | Пузыревская Л. |
| q | Полное имя | Пузыревская Лада | ||
| 700 | 1_ | a | Автор | Бартов А. |
| e | Роль лиц | автор вступительного слова | ||
| q | Полное имя | Бартов Аркадий | ||
| 700 | 1_ | a | Автор | Нель В. |
| q | Полное имя | Нель Виктор | ||
| 700 | 1_ | a | Автор | Никитайская Н. |
| q | Полное имя | Никитайская Наталия | ||
| 700 | 1_ | a | Автор | Смольников В. В. |
| q | Полное имя | Смольников Владимир Викторович | ||
| 700 | 1_ | a | Автор | Александр М. А. |
| q | Полное имя | Александр Михаил Аркадьевич | ||
| 700 | 1_ | a | Автор | Заостровцев А. П. |
| q | Полное имя | Заостровцов Андрей Павлович | ||
| 700 | 1_ | a | Автор | Жуховицкий Л. А. |
| q | Полное имя | Жуховицкий Леонид Аронович | ||
| 700 | 1_ | a | Автор | Воскресенская М. Н. |
| q | Полное имя | Воскресенская Мария Николаевна | ||
| 700 | 1_ | a | Автор | Воронель А. |
| q | Полное имя | Воронель Александр | ||
| 700 | 1_ | a | Автор | Белый А. А. |
| q | Полное имя | Белый Александр Андреевич | ||
| 700 | 1_ | a | Автор | Щербина О. Г. |
| q | Полное имя | Щербинина Ольга Григорьевна | ||
| 700 | 1_ | a | Автор | Чайковская И. |
| q | Полное имя | Чайковская Ирина | ||
| 700 | 1_ | a | Автор | Вениамин, иеромонах (Новик В. Н.) |
| 773 | w | Контрольный № источника | RU/IS/BASE/409860845 | |
| 901 | t | Тип документа | s | |
| 952 | a | Тип литературы для КСУ ВШ | ЛХЖ |